[Event "SVK-chT3A2 2223"]
[Site "Slovakia"]
[Date "2023.02.05"]
[Round "6.3"]
[White "Berger, Patrik"]
[Black "Cechovic, Stefan"]
[Result "1/2-1/2"]
[WhiteElo "1985"]
[BlackElo "2078"]
[PlyCount "109"]
[EventDate "2022.10.16"]
[EventType "team-tourn"]
[EventRounds "9"]
[EventCountry "SVK"]
[SourceTitle "EXT 2024"]
[Source "ChessBase"]
[SourceDate "2023.10.10"]
[SourceVersion "1"]
[SourceVersionDate "2023.10.10"]
[SourceQuality "1"]
[WhiteTeam "Skalica"]
[BlackTeam "Cifer II"]
[WhiteTeamCountry "SVK"]
[BlackTeamCountry "SVK"]

1. e4 c6 2. Nc3 d5 3. Nf3 Bg4 4. d3 d4 5. Ne2 Bxf3 6. gxf3 c5 7. Bg2 Nc6 8. Ng3 e6 9. f4 Nf6 10. f5 e5 11. Nh5 Nxh5 12. Qxh5 Be7 13. 0-0 Bf6 14. f4 Qe7 15. a3 exf4 16. Bxf4 Ne5 17. Rab1 Rc8 18. b3 b6 19. Kh1 Rc6 20. Rbe1 b5 21. Qe2 0-0 22. Rg1 Rfc8 23. Rb1 c4 24. bxc4 bxc4 25. Rb4 cxd3 26. cxd3 Qd6 27. Ra4 Rc2 28. Qd1 R2c3 29. Rxa7 Qb6 30. Qa4 Nxd3 31. Bg3 Nc5 32. Qa5 Qxa5 33. Rxa5 d3 34. Bf4 Re8 35. e5 Bd8 36. Ra7 Bb6 37. Ra8 Rxa8 38. Bxa8 Rxa3 39. Bd5 d2 40. Bh6 g6 41. fxg6 hxg6 42. Bxd2 Kg7 43. Bg5 Ne6 44. Bf6+ Kh6 45. Rb1 Bc7 46. Rc1 Ra7 47. Bxe6 fxe6 48. Rc6 g5 49. Rxe6 Kg6 50. Re8 Kf5 51. Rg8 Bxe5 52. Bxe5 Kxe5 53. Rxg5+ Kf6 54. Rg3 Ra2 55. h4 1/2-1/2

[Event "SVK-chT2A 1819"]
[Site "Slovakia"]
[Date "2018.11.18"]
[Round "4.2"]
[White "Berger, Patrik"]
[Black "Slacky, Stanislav"]
[Result "1/2-1/2"]
[WhiteElo "1999"]
[BlackElo "2153"]
[PlyCount "82"]
[EventDate "2018.10.13"]
[EventType "team-tourn"]
[EventRounds "11"]
[EventCountry "SVK"]
[SourceTitle "CBM 189 Extra"]
[Source "ChessBase"]
[SourceDate "2019.06.03"]
[SourceVersion "1"]
[SourceVersionDate "2019.06.03"]
[SourceQuality "1"]
[WhiteTeam "Skalica"]
[BlackTeam "Krasnany"]
[WhiteTeamCountry "SVK"]
[BlackTeamCountry "SVK"]

1. e4 Nf6 2. e5 Nd5 3. d4 d6 4. Nf3 dxe5 5. Nxe5 c6 6. Bc4 g6 7. Qf3 Be6 8. Nc3 Bg7 9. 0-0 0-0 10. Ne4 Nc7 11. Rd1 Qc8 12. Bxe6 Nxe6 13. c3 Nd7 14. Nc4 Qc7 15. a4 Rad8 16. b4 Nb6 17. Nxb6 axb6 18. Be3 f5 19. Ng5 Nxg5 20. Bxg5 Rd5 21. Bf4 Qd7 22. Re1 Re8 23. Rad1 e6 24. Be5 Bxe5 25. Rxe5 Ra8 26. Qe2 Kf7 27. Qc2 Qc7 28. Rde1 Rxe5 29. Rxe5 Rd8 30. Qe2 Qc8 31. h4 Rd5 32. Qe3 Rxe5 33. Qxe5 Qd8 34. g3 h6 35. Qe3 g5 36. h5 Qd5 37. Qe5 Qf3 38. Qc7+ Kf6 39. Qd8+ Kf7 40. Qd7+ Kf6 41. Qe8 g4 1/2-1/2

[Event "SVK-chT3A2 1718"]
[Site "Slovakia"]
[Date "2018.02.18"]
[Round "9.1"]
[White "Berger, Patrik"]
[Black "Horak, Ivan"]
[Result "1-0"]
[WhiteElo "1987"]
[BlackElo "2010"]
[PlyCount "73"]
[EventDate "2017.10.08"]
[EventType "team-tourn"]
[EventRounds "11"]
[EventCountry "SVK"]
[SourceTitle "EXT 2020"]
[Source "ChessBase"]
[SourceDate "2019.10.17"]
[SourceVersion "1"]
[SourceVersionDate "2019.10.17"]
[SourceQuality "1"]
[WhiteTeam "Skalica"]
[BlackTeam "Holic"]
[WhiteTeamCountry "SVK"]
[BlackTeamCountry "SVK"]

1. e4 c5 2. Nf3 e6 3. d4 cxd4 4. Nxd4 Nf6 5. Bd3 Nc6 6. Nxc6 bxc6 7. Nc3 d5 8. 0-0 d4 9. Na4 e5 10. c3 c5 11. f4 Bd6 12. b4 c4 13. Bxc4 0-0 14. cxd4 Bg4 15. Qb3 Rb8 16. a3 Nxe4 17. Qe3 Bd7 18. Nb2 Nf6 19. fxe5 Ng4 20. Qg3 Be7 21. h3 Be6 22. d5 Bh4 23. Qf4 Qb6+ 24. Kh1 g5 25. Qf3 Nxe5 26. Qe4 Nxc4 27. Nxc4 Qb7 28. Ne3 Rbd8 29. Rd1 Rfe8 30. Qf3 g4 31. hxg4 Bxd5 32. Rxd5 Rxd5 33. Qxd5 Qe7 34. Bd2 Rd8 35. Qa2 Bf2 36. Nf5 Qf6 37. Rf1 1-0

[Event "SVK-chT2A 1617"]
[Site "Slovakia"]
[Date "2017.01.21"]
[Round "7.5"]
[White "Nemeckay, Rastislav"]
[Black "Berger, Patrik"]
[Result "1/2-1/2"]
[WhiteElo "1990"]
[BlackElo "1977"]
[PlyCount "46"]
[EventDate "2016.10.08"]
[EventType "team-tourn"]
[EventRounds "11"]
[EventCountry "SVK"]
[SourceTitle "EXT 2018"]
[Source "ChessBase"]
[SourceDate "2017.10.13"]
[SourceVersion "1"]
[SourceVersionDate "2017.10.13"]
[SourceQuality "1"]
[WhiteTeam "Osuske II"]
[BlackTeam "Skalica"]
[WhiteTeamCountry "SVK"]
[BlackTeamCountry "SVK"]

1. e4 c5 2. Nf3 d6 3. Bb5+ Bd7 4. Bxd7+ Qxd7 5. 0-0 Nc6 6. c3 g6 7. d4 cxd4 8. Nxd4 Bg7 9. Be3 Nf6 10. f3 0-0 11. Qe2 a6 12. Rd1 b5 13. Nd2 Rfc8 14. Rac1 Ne5 15. c4 bxc4 16. Nxc4 Nxc4 17. Rxc4 Rxc4 18. Qxc4 d5 19. exd5 Qxd5 20. Qxd5 Nxd5 21. Kf2 Nxe3 22. Kxe3 Rd8 23. Rd3 f5 1/2-1/2

[Event "SVK-chT3A2 1617"]
[Site "Slovakia"]
[Date "2016.11.27"]
[Round "4.6"]
[White "Berger, Patrik"]
[Black "Kundrik, Peter"]
[Result "1/2-1/2"]
[WhiteElo "1979"]
[BlackElo "2252"]
[PlyCount "64"]
[EventDate "2016.10.16"]
[EventType "team-tourn"]
[EventRounds "11"]
[EventCountry "SVK"]
[SourceTitle "EXT 2020"]
[Source "ChessBase"]
[SourceDate "2019.10.17"]
[SourceVersion "1"]
[SourceVersionDate "2019.10.17"]
[SourceQuality "1"]
[WhiteTeam "Skalica II"]
[BlackTeam "Piestany Kupele"]
[WhiteTeamCountry "SVK"]
[BlackTeamCountry "SVK"]

1. e4 c5 2. Nf3 Nc6 3. d4 cxd4 4. Nxd4 Nf6 5. Nc3 e5 6. Ndb5 d6 7. Bg5 a6 8. Na3 b5 9. Nd5 Qa5+ 10. Bd2 Qd8 11. Bg5 Be7 12. Bxf6 Bxf6 13. c3 0-0 14. Be2 Bg5 15. 0-0 f5 16. Bf3 Rb8 17. Nc2 f4 18. Ncb4 Bb7 19. a4 Nxb4 20. Nxb4 a5 21. Nd5 bxa4 22. Rxa4 Ba6 23. Re1 Rxb2 24. Qa1 Qb8 25. Nb4 Rxf2 26. Nxa6 Qb6 27. Kh1 Qxa6 28. Rxa5 Qc6 29. Rd1 Rc2 30. Ra6 Qxc3 31. Qxc3 Rxc3 32. Raxd6 Rcc8 1/2-1/2

[Event "SVK-chT3A2 1516"]
[Site "Slovakia"]
[Date "2016.01.31"]
[Round "7.6"]
[White "Bango, Lukas"]
[Black "Berger, Patrik"]
[Result "0-1"]
[WhiteElo "2078"]
[BlackElo "1949"]
[PlyCount "126"]
[EventDate "2015.10.11"]
[EventType "team-tourn"]
[EventRounds "11"]
[EventCountry "SVK"]
[SourceTitle "EXT 2020"]
[Source "ChessBase"]
[SourceDate "2019.10.17"]
[SourceVersion "1"]
[SourceVersionDate "2019.10.17"]
[SourceQuality "1"]
[WhiteTeam "Modranka Komplet"]
[BlackTeam "Skalica II"]
[WhiteTeamCountry "SVK"]
[BlackTeamCountry "SVK"]

1. Nf3 Nf6 2. e3 g6 3. b4 Bg7 4. Bb2 0-0 5. Be2 d5 6. 0-0 a5 7. b5 c5 8. c4 Bf5 9. Na3 Nbd7 10. Rc1 Rc8 11. Qb3 Nb6 12. d3 Qd6 13. cxd5 Qxd5 14. Nd2 Rfd8 15. e4 Nxe4 16. Ndc4 Nd2 17. Nxb6 Nxb3 18. Nxd5 Bxb2 19. Nxe7+ Kf8 20. Rb1 Kxe7 21. Rxb2 Nd4 22. Rd1 Kf6 23. Bf1 Be6 24. b6 c4 25. Nxc4 Bxc4 26. dxc4 Nf3+ 27. gxf3 Rxd1 28. Kg2 a4 29. Be2 a3 30. Rc2 Rb1 31. Bd3 Rb2 32. Rc3 Rxa2 33. Be4 Rb8 34. c5 Rb2 35. Rxa3 Rb5 36. Rc3 Rc8 37. Bxb7 Rcxc5 38. Rxc5 Rxc5 39. Ba6 Rc6 40. b7 Rb6 41. Kg3 Ke7 42. Kf4 f6 43. Kg4 Kd6 44. f4 Kc7 45. Bd3 Rxb7 46. f3 Kd6 47. f5 Rb4+ 48. Be4 Ke5 49. fxg6 hxg6 50. Kg3 Rxe4 51. fxe4 Kxe4 52. Kf2 Kf4 53. Ke2 g5 54. Kf2 f5 55. Ke2 g4 56. Kf2 Ke4 57. Ke2 f4 58. Kf2 Kd3 59. Ke1 Ke3 60. Kf1 Kf3 61. Kg1 Ke2 62. Kg2 f3+ 63. Kh1 f2 0-1

[Event "SVK-chT2A 1516"]
[Site "Slovakia"]
[Date "2016.01.24"]
[Round "7.5"]
[White "Pericka, Tomas"]
[Black "Berger, Patrik"]
[Result "0-1"]
[WhiteElo "1994"]
[BlackElo "1961"]
[PlyCount "74"]
[EventDate "2015.10.17"]
[EventType "team-tourn"]
[EventRounds "11"]
[EventCountry "SVK"]
[SourceTitle "CBM 170 Extra"]
[Source "ChessBase"]
[SourceDate "2016.02.25"]
[SourceVersion "1"]
[SourceVersionDate "2016.02.25"]
[SourceQuality "1"]
[WhiteTeam "Osuske II"]
[BlackTeam "Skalica"]
[WhiteTeamCountry "SVK"]
[BlackTeamCountry "SVK"]

1. e4 c5 2. Nf3 d6 3. Bb5+ Bd7 4. Qe2 Nc6 5. c3 e6 6. 0-0 Be7 7. d4 cxd4 8. cxd4 Nf6 9. Nc3 0-0 10. e5 dxe5 11. dxe5 Nd5 12. Nxd5 exd5 13. Rd1 Be6 14. Be3 Qa5 15. a3 Rfd8 16. b4 Qc7 17. Rac1 Bg4 18. Bf4 Qb6 19. Ba4 Nd4 20. Rxd4 Bxf3 21. Qd2 Qg6 22. Bg3 Bg5 23. Qc3 Bxc1 24. Qxf3 Qb1 25. Bd1 Bg5 26. h4 Be7 27. Rg4 Rac8 28. Bf4 Qe4 29. Qg3 g6 30. Bd2 Qf5 31. Bb3 a5 32. bxa5 Bxa3 33. h5 Qxh5 34. e6 fxe6 35. Rg5 Qh6 36. Rxd5 Rc1+ 37. Bxc1 Qxc1+ 0-1

[Event "SVK-chT3A2 1213"]
[Site "Slovakia"]
[Date "2013.01.13"]
[Round "6.4"]
[White "Nemsak, Denis"]
[Black "Berger, Patrik"]
[Result "1/2-1/2"]
[WhiteElo "1873"]
[BlackElo "1930"]
[PlyCount "76"]
[EventDate "2012.10.07"]
[EventType "team-tourn"]
[EventRounds "11"]
[EventCountry "SVK"]
[SourceTitle "EXT 2015"]
[Source "ChessBase"]
[SourceDate "2014.11.20"]
[SourceVersion "1"]
[SourceVersionDate "2014.11.20"]
[SourceQuality "1"]
[WhiteTeam "Piestany Kupele II"]
[BlackTeam "Skalica"]
[WhiteTeamCountry "SVK"]
[BlackTeamCountry "SVK"]

1. c4 Nf6 2. Nc3 g6 3. e4 d6 4. d4 Bg7 5. f4 0-0 6. Nf3 c5 7. d5 e6 8. Bd3 exd5 9. cxd5 Bg4 10. 0-0 Re8 11. Qc2 Bxf3 12. Rxf3 Ng4 13. Ne2 c4 14. Bxc4 Qb6+ 15. Kh1 Nf2+ 16. Kg1 Nd3+ 17. Kf1 Nxc1 18. Rxc1 Nd7 19. Rb3 Qa5 20. Bb5 Rec8 21. Qxc8+ Rxc8 22. Rxc8+ Nf8 23. Bc4 Qxa2 24. Rxb7 Qb1+ 25. Kf2 Qxe4 26. Rbb8 h6 27. b3 Qe7 28. g3 Qe4 29. Re8 Qh1 30. h4 Qh2+ 31. Ke3 g5 32. hxg5 hxg5 33. Ra8 gxf4+ 34. gxf4 Qh3+ 35. Kd2 Qd7 36. Rad8 Qb7 37. Kc2 Qb4 38. Re3 Qa5 1/2-1/2

[Event "SVK-chT3A2 1213"]
[Site "Slovakia"]
[Date "2012.11.04"]
[Round "3.2"]
[White "Jablonicky, Martin"]
[Black "Berger, Patrik"]
[Result "1-0"]
[WhiteElo "1827"]
[BlackElo "1930"]
[PlyCount "97"]
[EventDate "2012.10.07"]
[EventType "team-tourn"]
[EventRounds "11"]
[EventCountry "SVK"]
[SourceTitle "EXT 2015"]
[Source "ChessBase"]
[SourceDate "2014.11.20"]
[SourceVersion "1"]
[SourceVersionDate "2014.11.20"]
[SourceQuality "1"]
[WhiteTeam "Trnava Modranka"]
[BlackTeam "Skalica"]
[WhiteTeamCountry "SVK"]
[BlackTeamCountry "SVK"]

1. e4 c5 2. c4 Nc6 3. Ne2 Nf6 4. Nbc3 g6 5. d4 cxd4 6. Nxd4 d6 7. Be2 Bg7 8. Be3 0-0 9. f3 Bd7 10. Qd2 Qa5 11. 0-0 a6 12. Rfd1 Rfc8 13. Nb3 Qd8 14. c5 dxc5 15. Nxc5 Rc7 16. N3a4 Qe8 17. e5 Nxe5 18. Nb6 Rd8 19. Rac1 Nc6 20. Nxb7 Rxb7 21. Rxc6 Bxc6 22. Qxd8 Rb8 23. Qxe8+ Nxe8 24. b3 Bb5 25. Bxb5 axb5 26. Rd5 Nd6 27. Bc5 Nf5 28. g4 e6 29. Rd3 Nh6 30. a4 bxa4 31. bxa4 Be5 32. a5 Bc7 33. Rd7 Bd8 34. Kg2 f5 35. Bd6 Bxb6 36. Bxb8 Bxa5 37. h3 Nf7 38. Re7 Kg7 39. Rxe6 fxg4 40. hxg4 g5 41. Kf2 Bc3 42. Ke3 Bf6 43. Ke4 Bb2 44. Ba7 Ba3 45. Bd4+ Kf8 46. Kf5 Bc1 47. Bc5+ Kg7 48. Re7 Kg8 49. Re8+ 1-0

[Event "Senica op 4th"]
[Site "Senica"]
[Date "2012.08.07"]
[Round "8"]
[White "Berger, Patrik"]
[Black "Palka, Miroslav"]
[Result "1/2-1/2"]
[WhiteElo "1918"]
[BlackElo "1944"]
[PlyCount "64"]
[EventDate "2012.08.03"]
[EventType "swiss"]
[EventRounds "9"]
[EventCountry "SVK"]
[SourceTitle "EXT 2014"]
[Source "ChessBase"]
[SourceDate "2013.11.20"]
[SourceVersion "1"]
[SourceVersionDate "2013.11.20"]
[SourceQuality "1"]

1. e4 c5 2. Nf3 d6 3. d4 cxd4 4. Nxd4 Nf6 5. Nc3 g6 6. Be3 Bg7 7. f3 0-0 8. Bc4 Nc6 9. Qd2 Bd7 10. 0-0-0 Ne5 11. Bb3 Qa5 12. h4 Rfc8 13. h5 Nc4 14. Bxc4 Rxc4 15. hxg6 hxg6 16. Nb3 Qc7 17. Bh6 Bh8 18. Kb1 Be6 19. Bg5 Bg7 20. Bh6 Bh8 21. Bg5 Nh7 22. Rxh7 Kxh7 23. Qf4 Kg8 24. Rh1 Be5 25. Qh4 Rxc3 26. Bxe7 Qxe7 27. Qxe7 Rcc8 28. Qxb7 Rab8 29. Qa6 Rb6 30. Qa4 a5 31. c3 Rb7 32. Rd1 Bd7 1/2-1/2

[Event "Senica op 4th"]
[Site "Senica"]
[Date "2012.08.04"]
[Round "3"]
[White "Danada, Tomas"]
[Black "Berger, Patrik"]
[Result "1/2-1/2"]
[WhiteElo "2086"]
[BlackElo "1918"]
[PlyCount "31"]
[EventDate "2012.08.03"]
[EventType "swiss"]
[EventRounds "9"]
[EventCountry "SVK"]
[SourceTitle "EXT 2014"]
[Source "ChessBase"]
[SourceDate "2013.11.20"]
[SourceVersion "1"]
[SourceVersionDate "2013.11.20"]
[SourceQuality "1"]

1. d4 Nf6 2. Bg5 Ne4 3. Be3 d5 4. Nd2 Bf5 5. Ngf3 Nc6 6. c3 e6 7. Nxe4 Bxe4 8. Bf4 Bd6 9. Bxd6 Qxd6 10. e3 0-0 11. Bd3 Bxd3 12. Qxd3 e5 13. dxe5 Nxe5 14. Nxe5 Qxe5 15. 0-0-0 c6 16. Rd2 1/2-1/2

[Event "SVK-ch op-B"]
[Site "Banska Stiavnica"]
[Date "2012.07.09"]
[Round "3"]
[White "Sturc, Gustav"]
[Black "Berger, Patrik"]
[Result "1/2-1/2"]
[WhiteElo "2041"]
[BlackElo "1860"]
[PlyCount "22"]
[EventDate "2012.07.07"]
[EventType "swiss"]
[EventRounds "9"]
[EventCountry "SVK"]
[SourceTitle "CBM 149 Extra"]
[Source "ChessBase"]
[SourceDate "2012.08.24"]
[SourceVersion "1"]
[SourceVersionDate "2012.08.24"]
[SourceQuality "1"]

1. e4 d6 2. d4 Nf6 3. Nc3 g6 4. f4 Bg7 5. Nf3 0-0 6. Be3 Nbd7 7. e5 Ng4 8. Bg1 c5 9. h3 cxd4 10. Nxd4 dxe5 11. hxg4 exd4 1/2-1/2

[Event "SVK-ch op-B"]
[Site "Banska Stiavnica"]
[Date "2012.07.08"]
[Round "2"]
[White "Berger, Patrik"]
[Black "Toma, Rudolf"]
[Result "1-0"]
[WhiteElo "1860"]
[BlackElo "2086"]
[PlyCount "55"]
[EventDate "2012.07.07"]
[EventType "swiss"]
[EventRounds "9"]
[EventCountry "SVK"]
[SourceTitle "CBM 149 Extra"]
[Source "ChessBase"]
[SourceDate "2012.08.24"]
[SourceVersion "1"]
[SourceVersionDate "2012.08.24"]
[SourceQuality "1"]

1. e4 c5 2. Nf3 Nc6 3. d4 cxd4 4. Nxd4 e5 5. Nb5 d6 6. N1c3 a6 7. Na3 f5 8. exf5 Bxf5 9. Bd3 Be6 10. Bc4 Bxc4 11. Nxc4 Nf6 12. Bg5 Be7 13. Bxf6 gxf6 14. Qh5+ Kf8 15. Nd5 b5 16. Nce3 Qa5+ 17. c3 b4 18. Qh6+ Kf7 19. Qh5+ Kf8 20. 0-0 bxc3 21. bxc3 Rb8 22. Rfd1 Rb5 23. c4 Rb2 24. Nf5 Qc5 25. Rf1 Bd8 26. Qh6+ Kf7 27. Qg7+ Ke6 28. Nh6 1-0

[Event "Liptovsky Mikulas CupT U20"]
[Site "Liptovsky Mikulas"]
[Date "2012.06.23"]
[Round "2.1"]
[White "Berger, Patrik"]
[Black "Gurecky, Jan"]
[Result "1-0"]
[WhiteElo "1840"]
[BlackElo "1675"]
[PlyCount "41"]
[EventDate "2012.06.22"]
[EventType "team-swiss"]
[EventRounds "9"]
[EventCountry "SVK"]
[SourceTitle "CBM 149 Extra"]
[Source "ChessBase"]
[SourceDate "2012.08.24"]
[SourceVersion "1"]
[SourceVersionDate "2012.08.24"]
[SourceQuality "1"]
[WhiteTeam "Zahori"]
[BlackTeam "Opava Slezan"]
[WhiteTeamCountry "SVK"]
[BlackTeamCountry "CZE"]

1. e4 c5 2. Nf3 d6 3. d4 cxd4 4. Nxd4 Nf6 5. Nc3 g6 6. Be3 Nc6 7. Qd2 Bd7 8. 0-0-0 Rc8 9. Kb1 Ne5 10. Bh6 Bxh6 11. Qxh6 Nc4 12. Bxc4 Rxc4 13. Rhe1 Qb6 14. Nb3 a5 15. Nd5 Nxd5 16. exd5 Bf5 17. Rd2 a4 18. Qg7 Rf8 19. Qf6 e5 20. dxe6 fxe6 21. Rxe6+ 1-0

[Event "Liptovsky Mikulas CupT U20"]
[Site "Liptovsky Mikulas"]
[Date "2012.06.22"]
[Round "1.1"]
[White "Gazik, Viktor"]
[Black "Berger, Patrik"]
[Result "1-0"]
[WhiteElo "2055"]
[BlackElo "1840"]
[PlyCount "121"]
[EventDate "2012.06.22"]
[EventType "team-swiss"]
[EventRounds "9"]
[EventCountry "SVK"]
[SourceTitle "CBM 149 Extra"]
[Source "ChessBase"]
[SourceDate "2012.08.24"]
[SourceVersion "1"]
[SourceVersionDate "2012.08.24"]
[SourceQuality "1"]
[WhiteTeam "Liptov Chess School II"]
[BlackTeam "Zahori"]
[WhiteTeamCountry "SVK"]
[BlackTeamCountry "SVK"]

1. e4 c5 2. Nf3 d6 3. d4 cxd4 4. Nxd4 Nf6 5. Nc3 a6 6. Be3 e5 7. Nb3 Be6 8. f3 d5 9. exd5 Nxd5 10. Nxd5 Bxd5 11. Qd2 Be7 12. 0-0-0 Bc6 13. Qc3 Qc7 14. f4 Nd7 15. fxe5 Nxe5 16. Bd4 Bd6 17. Re1 f6 18. Nc5 Bd5 19. Bc4 Bxc4 20. Bxe5 fxe5 21. Qxc4 Bxc5 22. Qe6+ Be7 23. Rxe5 Rf8 24. Rhe1 Rf7 25. Kb1 Qd7 26. Qb3 Rd8 27. Rxe7+ Qxe7 28. Rxe7+ Rxe7 29. a4 Kf8 30. Ka2 Rd2 31. Qc3 Rd8 32. Qc4 Rdd7 33. b4 Rc7 34. Qb3 g6 35. Qb2 Kg8 36. Qb3+ Kg7 37. Qd3 Red7 38. Qe4 Re7 39. Qd4+ Kg8 40. Kb3 Rc8 41. h4 h5 42. Qd6 Kf7 43. a5 Rec7 44. Qd5+ Kf6 45. c4 Rxc4 46. Qxc4 Rxc4 47. Kxc4 Kf5 48. Kc5 Kg4 49. Kb6 Kxh4 50. Kxb7 Kg3 51. b5 axb5 52. a6 Kxg2 53. a7 h4 54. a8Q h3 55. Kb6+ Kg1 56. Qa1+ Kg2 57. Qb2+ Kg1 58. Qb1+ Kg2 59. Qxg6+ Kh1 60. Qe4+ Kg1 61. Qg4+ 1-0

[Event "SVK-ch U18"]
[Site "Lubovnianske Kupele"]
[Date "2012.03.19"]
[Round "4"]
[White "Berger, Patrik"]
[Black "Kimerling, Martin"]
[Result "1-0"]
[WhiteElo "1747"]
[BlackElo "2015"]
[PlyCount "85"]
[EventDate "2012.03.17"]
[EventType "swiss"]
[EventRounds "9"]
[EventCountry "SVK"]
[SourceTitle "CBM 147 Extra"]
[Source "ChessBase"]
[SourceDate "2012.04.24"]
[SourceVersion "1"]
[SourceVersionDate "2012.04.24"]
[SourceQuality "1"]

1. e4 c5 2. Nf3 Nc6 3. d4 cxd4 4. Nxd4 Nf6 5. Nc3 e5 6. Ndb5 d6 7. Bg5 a6 8. Na3 b5 9. Nd5 Be7 10. Bxf6 Bxf6 11. c3 0-0 12. Be2 Bg5 13. 0-0 f5 14. exf5 Bxf5 15. Nc2 Kh8 16. Nce3 Bg6 17. a4 bxa4 18. Qxa4 Be8 19. Bb5 Ne7 20. Bxe8 Rxe8 21. Nxe7 Qxe7 22. Nd5 Qb7 23. Qa5 Rec8 24. b4 Bd8 25. Qa2 a5 26. Qd2 axb4 27. Nxb4 Qc7 28. Nd5 Qc4 29. Rfd1 h6 30. Ne3 Qc7 31. Rxa8 Rxa8 32. Qxd6 Qxd6 33. Rxd6 Ra1+ 34. Rd1 Rxd1+ 35. Nxd1 Kg8 36. f3 Kf7 37. Kf2 Bb6+ 38. Ke2 Bg1 39. h3 Bc5 40. Kd3 Ke6 41. Ke4 h5 42. Ne3 g6 43. Nc4 1-0

[Event "SVK-ch U18"]
[Site "Lubovnianske Kupele"]
[Date "2012.03.18"]
[Round "2"]
[White "Berger, Patrik"]
[Black "Druska, Juraj"]
[Result "0-1"]
[WhiteElo "1747"]
[BlackElo "2311"]
[PlyCount "70"]
[EventDate "2012.03.17"]
[EventType "swiss"]
[EventRounds "9"]
[EventCountry "SVK"]
[SourceTitle "CBM 147 Extra"]
[Source "ChessBase"]
[SourceDate "2012.04.24"]
[SourceVersion "1"]
[SourceVersionDate "2012.04.24"]
[SourceQuality "1"]

1. e4 c5 2. Nf3 Nc6 3. d4 cxd4 4. Nxd4 g6 5. Be3 Bg7 6. Nc3 Nf6 7. Be2 0-0 8. Qd2 d5 9. exd5 Nb4 10. 0-0 Nfxd5 11. Nxd5 Nxd5 12. Bh6 e5 13. Bxg7 Kxg7 14. Nf3 Nf4 15. Rad1 Qxd2 16. Rxd2 Nxe2+ 17. Rxe2 f6 18. Rd1 Kf7 19. Red2 Be6 20. a3 g5 21. c3 Bg4 22. h3 Be6 23. Nh2 h5 24. Rd6 Rg8 25. Nf1 Rac8 26. Kh2 f5 27. Ne3 g4 28. h4 f4 29. Nf1 g3+ 30. fxg3 fxg3+ 31. Nxg3 Rc4 32. R1d3 Rxh4+ 33. Kg1 Rhg4 34. Kf2 h4 35. Nf1 Rxg2+ 0-1

[Event "SVK-ch U18"]
[Site "Lubovnianske Kupele"]
[Date "2012.03.17"]
[Round "1"]
[White "Stehlik, Jan"]
[Black "Berger, Patrik"]
[Result "0-1"]
[WhiteElo "2025"]
[BlackElo "1747"]
[PlyCount "64"]
[EventDate "2012.03.17"]
[EventType "swiss"]
[EventRounds "9"]
[EventCountry "SVK"]
[SourceTitle "CBM 147 Extra"]
[Source "ChessBase"]
[SourceDate "2012.04.24"]
[SourceVersion "1"]
[SourceVersionDate "2012.04.24"]
[SourceQuality "1"]

1. d4 Nf6 2. c4 g6 3. Nc3 Bg7 4. e4 d6 5. Nf3 0-0 6. Be2 Nbd7 7. 0-0 e5 8. d5 Ne8 9. Bg5 f6 10. Bh4 Qe7 11. Ne1 Qf7 12. Nd3 Nc5 13. Bg3 Nxd3 14. Bxd3 f5 15. f4 Qe7 16. Qc2 fxe4 17. Nxe4 Bf5 18. Rae1 Qd7 19. fxe5 Bxe5 20. Bxe5 dxe5 21. Ng5 Ng7 22. Rxe5 Bxd3 23. Rxf8+ Rxf8 24. Qxd3 Qd6 25. Re1 Qb6+ 26. Kh1 Qxb2 27. g4 Qxa2 28. Re2 Qa1+ 29. Kg2 Qf1+ 30. Kg3 Qf4+ 31. Kh4 Nf5+ 32. Kh3 Qf1+ 0-1

[Event "Senica op 3rd"]
[Site "Senica"]
[Date "2011.08.28"]
[Round "9"]
[White "Vach, Jozef"]
[Black "Berger, Patrik"]
[Result "1/2-1/2"]
[WhiteElo "1861"]
[BlackElo "1731"]
[PlyCount "40"]
[EventDate "2011.08.21"]
[EventType "swiss"]
[EventRounds "9"]
[EventCountry "SVK"]
[SourceTitle "CBM 144 Extra"]
[Source "ChessBase"]
[SourceDate "2011.10.28"]
[SourceVersion "1"]
[SourceVersionDate "2011.10.28"]
[SourceQuality "1"]

1. e4 c5 2. Nf3 d6 3. c4 Bg4 4. d3 Nc6 5. h3 Bxf3 6. Qxf3 Nd4 7. Qd1 g6 8. Nc3 e6 9. Ne2 Bg7 10. Nxd4 Bxd4 11. Qa4+ Qd7 12. Qxd7+ Kxd7 13. Rb1 Ne7 14. Be2 Nc6 15. a3 a5 16. Bd2 Rhb8 17. a4 f6 18. Rf1 f5 19. f4 Rf8 20. Bf3 Bf6 1/2-1/2

[Event "Senica op 3rd"]
[Site "Senica"]
[Date "2011.08.23"]
[Round "3"]
[White "Berger, Patrik"]
[Black "Wasik, Jozef"]
[Result "1-0"]
[WhiteElo "1731"]
[BlackElo "1838"]
[PlyCount "71"]
[EventDate "2011.08.21"]
[EventType "swiss"]
[EventRounds "9"]
[EventCountry "SVK"]
[SourceTitle "CBM 144 Extra"]
[Source "ChessBase"]
[SourceDate "2011.10.28"]
[SourceVersion "1"]
[SourceVersionDate "2011.10.28"]
[SourceQuality "1"]

1. e4 g6 2. d4 c6 3. Nc3 d5 4. h3 Bg7 5. Nf3 dxe4 6. Nxe4 Nf6 7. Nxf6+ exf6 8. Bc4 0-0 9. 0-0 Bf5 10. Re1 b5 11. Bb3 a5 12. c4 a4 13. Bc2 Bxc2 14. Qxc2 Na6 15. Bf4 g5 16. Bg3 bxc4 17. Qxc4 Qd5 18. Rac1 Rfc8 19. Rc2 Bf8 20. Rec1 Qf5 21. a3 c5 22. d5 Nc7 23. Rd2 Qd7 24. Nh2 Ne8 25. Ng4 h5 26. Ne3 h4 27. Bh2 Bd6 28. Ng4 Bxh2+ 29. Kxh2 f5 30. Ne3 Nd6 31. Qe2 Kg7 32. f3 Re8 33. Qd3 Rac8 34. Rdc2 Rb8 35. Rxc5 f4 36. Ng4 1-0

[Event "Senica op 3rd"]
[Site "Senica"]
[Date "2011.08.23"]
[Round "4"]
[White "Kubik, Michael"]
[Black "Berger, Patrik"]
[Result "1-0"]
[WhiteElo "1913"]
[BlackElo "1731"]
[PlyCount "47"]
[EventDate "2011.08.21"]
[EventType "swiss"]
[EventRounds "9"]
[EventCountry "SVK"]
[SourceTitle "CBM 144 Extra"]
[Source "ChessBase"]
[SourceDate "2011.10.28"]
[SourceVersion "1"]
[SourceVersionDate "2011.10.28"]
[SourceQuality "1"]

1. e4 c5 2. Nf3 d6 3. d4 cxd4 4. Nxd4 Nf6 5. Nc3 a6 6. Be2 e5 7. Nb3 Be6 8. 0-0 Be7 9. Kh1 0-0 10. f4 exf4 11. Bxf4 Nc6 12. Qe1 Ne5 13. Rd1 Qc7 14. Qg3 b5 15. Nd4 Nfd7 16. Nd5 Bxd5 17. exd5 Ng6 18. Nf5 Qxc2 19. Bd3 Qxb2 20. Nxe7+ Nxe7 21. Bxd6 Rfe8 22. Qh3 Nf8 23. Qf3 f6 24. Ba3 1-0